| 000 | 00719nam a2200277Ia 4500 | ||
|---|---|---|---|
| 001 | Para_2053 | ||
| 003 | CHAP | ||
| 008 | 220125s1945 xx 000 0 und d | ||
| 010 | _a200686 | ||
| 020 | _aM/BAJA | ||
| 040 | _cCHAP | ||
| 082 | _aPA 631.53 K3 1945 | ||
| 100 |
_aKains, M.G. _962604 |
||
| 245 |
_aPropagation of plants / _c by M.G. Kains and L.M. McQuesten |
||
| 260 |
_aNew York : _b O.Judd |
||
| 300 | _a639 p. | ||
| 650 |
_aPropagación de plantas _992417 |
||
| 700 |
_aMcQuesten,, L.M. _9165563 |
||
| 901 | _aPA 631.53 K3 1945 | ||
| 902 | _aM | ||
| 905 | _a0000001945 a 0000000000 00 | ||
| 910 | _a1945 | ||
| 942 | _cPARA | ||
| 942 |
_cPARA _d1 |
||
| 999 |
_c200686 _d200686 |
||